France : Les gares de la ligne Nice - Digne-les-Bains - Statistiques

Statistiques générales
  • Ce quiz a été pris 20 fois
  • Le résultat moyen est 22 sur 48
Statistiques - réponses
Réponse % Correct
Annot
92%
Entrevaux
69%
Barrême
62%
Crémat - Le Pal
54%
Gambetta
54%
La Madeleine
54%
La Manda (Colomars)
54%
Le Chaffault-Saint-Jurson
54%
Lingostière
54%
Mézel/Châteauredon
54%
Parc Impérial
54%
Puget-Théniers
54%
Saint-André les Alpes
54%
Saint-Benoît
54%
Saint Isidore (Stade)
54%
Chaudon-Norante
46%
Gaubert
46%
La Mure-Argens
46%
Le Fugeret
46%
Méailles
46%
Moriez
46%
Peyresq
46%
Plan d'eau des Ferréols
46%
Saint-Philippe
46%
Thorame-Haute
46%
Touët-sur-Var
46%
Villars-sur-Var
46%
Agnerc
38%
Allons/Argens
38%
Baus Roux (La Roquette-sur-Var)
38%
Bellet
38%
Castagniers
38%
Chabrières (Entrages)
38%
La Bedoule
38%
Le Chaudan (Utelle)
38%
Le Cians (Rigaud)
38%
Les Clos
38%
Les Lunières
38%
Les Scaffarels
38%
Le Tournel
38%
Malaussene/Massoins
38%
Plan d'Entrevaux
38%
Plan du Var (Levens)
38%
Pont Charles-Albert
38%
Pont de Gueydan
38%
Saint-Martin du Var
38%
Saint-Sauveur (Centre Commercial)
38%
Golfe de Digne
31%
Aucun quiz correspondant
Distribution des résultats
% des personnes avec chaque résultat
Percentile par nombre de réponses
Votre historique - résultats
Vous n’avez pas pris ce quiz